Succeeding on your own (Record no. 1205)
[ view plain ]
| 000 -LEADER | |
|---|---|
| fixed length control field | 00680nam a2200157 a 4500 |
| 005 - DATE AND TIME OF LATEST TRANSACTION | |
| control field | 20260322212051.0 |
| 008 - FIXED-LENGTH DATA ELEMENTS--GENERAL INFORMATION | |
| fixed length control field | data |
| 099 ## - LOCAL FREE-TEXT CALL NUMBER (OCLC) | |
| Classification number | DVD WM 425.5.A7 I534 |
| 001 - CONTROL NUMBER | |
| control field | data |
| 245 10 - TITLE STATEMENT | |
| Title | Succeeding on your own |
| 260 ## - PUBLICATION, DISTRIBUTION, ETC. | |
| Place of publication, distribution, etc. | Wheeling, IL : |
| Name of publisher, distributor, etc. | Film Ideas, ; |
| Date of publication, distribution, etc. | 2007. |
| 300 ## - PHYSICAL DESCRIPTION | |
| Extent | DVD video 1 videodisc (ca. 20 min.) : sd., col. ; |
| Other physical details | 4 3/4 in. |
| 504 ## - BIBLIOGRAPHY, ETC. NOTE | |
| Bibliography, etc. note | Includes index. |
| 520 3# - SUMMARY, ETC. | |
| Summary, etc. | Money management is a essential life skill for success in adulthood. Student debt along with housing, clothing, food, insurance, automobile, savings and entertainment combine to put a serious strain on an income. Discusses the challenges of living within a budget and income. |
| 650 #0 - SUBJECT ADDED ENTRY--TOPICAL TERM | |
| Topical term or geographic name entry element | Finance, Personal |
| Withdrawn status | Lost status | Damaged status | Not for loan | Home library | Current library | Shelving location | Date acquired | Total checkouts | Full call number | Barcode | Date last seen | Price effective from | Koha item type |
|---|---|---|---|---|---|---|---|---|---|---|---|---|---|
| Springfield | Springfield | General stacks | 22/03/2026 | GEN | BC0011244 | 22/03/2026 | 22/03/2026 | Books |